| 000 | 00492nam a2200169 a 4500 | ||
|---|---|---|---|
| 001 | 7582 | ||
| 003 | CO-ViMGA | ||
| 008 | 141112s2004 ck r 000 u spa d | ||
| 040 |
_aCO-ViMGA _bspa _cCO-ViMGA |
||
| 082 | 0 | 4 | _a346.066 L315 |
| 100 | 1 |
_aLeal Perez, Hildebrando _94139 |
|
| 245 | 1 | 0 |
_aDerecho de sociedades comerciales : _bconforme con la ley 222 de 1995 |
| 260 |
_aSantafé de Bogotá : _bLeyer, _c1996 |
||
| 300 | _a533 p | ||
| 650 | 1 | 4 |
_aSOCIEDADES COMERCIALES _96958 |
| 942 |
_2ddc _cBK |
||
| 999 |
_c19528 _d19528 |
||